Kitab-e-muqaddas (Record no. 2372)

MARC details
000 -LEADER
fixed length control field 00315nam a2200133 a 4500
082 00 - DEWEY DECIMAL CLASSIFICATION NUMBER
Classification number 220.59155
Author Cutter BIB
100 ## - MAIN ENTRY--AUTHOR NAME
Author name Bible Society London
245 ## - TITLE STATEMENT
Title Kitab-e-muqaddas
260 ## - PUBLICATION, DISTRIBUTION, ETC. (IMPRINT)
Place of publication London
Name of publisher Bible Society
Year of publication 1963
300 ## - PHYSICAL DESCRIPTION
Number of Pages 421p
500 ## - GENERAL NOTE
General note includes index and biblioraphy
650 ## - SUBJECT ADDED ENTRY--TOPICAL TERM
Topical Term Bible-Persian
942 ## - ADDED ENTRY ELEMENTS (KOHA)
Koha item type Books
Holdings
Collection code Home library Current library Date acquired Cost, normal purchase price Full call number Accession Number Koha item type
  Henry Martyn Institute Library Henry Martyn Institute Library 06/21/2007 100.00 220.59155 BIB 02868 Books
                   Copyright © 2026 | Henry Martyn Institute | Hyderabad | TS-500052 | INDIA | Implemented by hmi.edu.in
Hit-Count:

Powered by Koha